Current problems in nuclear physics and atomic energy : NPAE-Kyiv 2006, proceedings of the international conference, May 29 - June 03, 2006. Part 2 /
Gespeichert in:
| 1. Verfasser: | |
|---|---|
| Weitere Verfasser: | |
| Format: | Buch |
| Sprache: | Englisch Russisch Ukrainisch |
| Veröffentlicht: |
Kyiv :
Institute for Nuclear Research of National Academy of Sciences of Ukraine,
2007
|
| Ausgabe: | [1st ed.] |
| Schlagworte: | |
| Online-Zugang: |
|
| Tags: |
Tag hinzufügen
Keine Tags, Fügen Sie den ersten Tag hinzu!
|
MARC
| LEADER | 00000nam a2200000 4500 | ||
|---|---|---|---|
| 003 | SK-BrCVT | ||
| 005 | 20220617224748.0 | ||
| 008 | 071010s2007 un e ||||||eng d | ||
| 035 | |a CVTIDW1424879 | ||
| 040 | |b slo |a CVTI SR |e AACR2 | ||
| 041 | 0 | |a eng |a rus |a ukr | |
| 044 | |a un | ||
| 080 | |a 539.1 |2 UDC-MRF | ||
| 080 | |a 621.039 |2 UDC-MRF | ||
| 100 | 1 | |a Vyshnevskyi, I. M. |4 aut | |
| 242 | 1 | 0 | |a Aktuálne problémy v oblasti jadrovej fyziky a atómovej energie (NPAE-Kijev 2006) |b zborník z medzinárodnej konferencie, 29. máj-3. jún 2006, Kijev, Ukrajina |n Časť II |y slo |
| 245 | 1 | 0 | |a Current problems in nuclear physics and atomic energy : |b NPAE-Kyiv 2006, proceedings of the international conference, May 29 - June 03, 2006. |p Part 2 / |c Authors: I. M. Vyshnevskyi ... [et al.] ; editor: V. P. Verbytskyi |
| 250 | |a [1st ed.] | ||
| 260 | |a Kyiv : |b Institute for Nuclear Research of National Academy of Sciences of Ukraine, |c 2007 | ||
| 300 | |a S. 419 - 863, 3 s. : |b fotogr., grafy, lit., obr., tab. ; | ||
| 653 | 1 | |a atómové jadro |a fyzika neutrónov |a jadrový reaktor |a spektrometer |a laser |a jadrové palivo | |
| 700 | 1 | |a Verbytskyi, V. P. |4 edt | |
| 910 | |a BA002 |b A603323 | ||
| 974 | |f Knihy | ||
| 992 | |a AZN | ||
| 999 | |c 158318 |d 158318 | ||